| 000 | 03082nam0a2200397 4500 | ||
|---|---|---|---|
| 001 | RU\NLR\BIBL_A\022449517 | ||
| 005 | 20250407103557.0 | ||
| 010 |
_a978-5-903624-92-8 _9500 |
||
| 021 |
_aRU _bКН-П-24-081963 _9КН-П-24-8169 |
||
| 035 | _a(NLR Aleph) 022449517 | ||
| 090 |
_a13357047 _c13357047 |
||
| 100 | _a20250207d2024 u y0rusy50 ca | ||
| 101 | 0 | _arus | |
| 102 | _aRU | ||
| 105 | _aa j 000yy | ||
| 181 | 0 |
_ai3 _baxxe |
|
| 182 | 0 | _an | |
| 200 | 1 |
_aХирургия первичной открытоугольной глаукомы. Показания. Сроки. Подготовка. Послеоперационное ведение _eучебное пособие _eдля студентов медицинских высших учебных заведений, клинических ординаторов по специальности 31.08.59 "Офтальмология", курсантов, врачей, обучающихся по программам высшего и дополнительного профессионального образования по специальности "Офтальмология" _f[Николаенко В. П., доктор медицинских наук, профессор, Золотарев А. В., доктор медицинских наук, профессор, Карлова Н. В., доктор медицинских наук, доцент и др.] _gпод редакцией В. П. Еричева [и др.] _gГосударственное бюджетное образовательное учреждение высшего образования "Курский государственный медицинский университет" Министерства здравоохранения Российской Федерации, Кафедра офтальмологии |
|
| 203 |
_aТекст _bвизуальный _cнепосредственный |
||
| 210 |
_aКурск _cКГМУ _d2024 |
||
| 215 |
_a122, [1] с. _cил., цв. ил., табл. _d21 |
||
| 300 | _aНа 5-й с. в содерж. и далее 3-й авт.: Карлова Е. В. | ||
| 300 | _aАвт. указаны на 3-4-й с. | ||
| 320 | _aБиблиогр. в конце гл. | ||
| 606 | 1 |
_aГлаукома _xХирургическое лечение _jУчебные издания _2nlr_sh1 _2nlr_sh2 _3RU\NLR\AUTH\66257486 |
|
| 686 | 1 | _aР675.609.1я7 | |
| 701 | 1 |
_aНиколаенко _bВ. П. _gВадим Петрович |
|
| 701 | 1 |
_aЗолотарев _bА. В. _f1965- _gАндрей Владимирович |
|
| 701 | 1 |
_aКарлова _bЕ. В. _gЕлена Владимировна |
|
| 702 | 1 |
_aЕричев _bВ. П. _f1947- _gВалерий Петрович _4340 |
|
| 712 | 0 | 2 |
_aКурский государственный медицинский университет _bКафедра офтальмологии _3RU\NLR\AUTH\8810167521 _4570 |
| 942 | _cBOOK | ||
| 980 | _aNB | ||